书目信息 |
| 题名: |
20世纪中国报告文学理论批评史
|
|
| 作者: | 丁晓原 著 | |
| 分册: | ||
| 出版信息: | 合肥 安徽大学出版社 1999.12 |
|
| 页数: | 325页 | |
| 开本: | 32开 | |
| 丛书名: | 中国文学多维研究丛书 | |
| 单 册: | ||
| 中图分类: | I207.5 | |
| 科图分类: | ||
| 主题词: | 报告文学--文学批评史--中国--现代 | |
| 电子资源: | ||
| ISBN: | 7-81052-305-8 | |
| 000 | 00687nam0 2200217 45 | |
| 001 | 0105210867 | |
| 005 | 20031219104049.7 | |
| 010 | @a7-81052-305-8@dCNY17.00 | |
| 100 | @a20010521d1999 km y0chiy0120 ea | |
| 101 | 0 | @achi |
| 105 | @a z 000yy | |
| 200 | 1 | @a20世纪中国报告文学理论批评史@A20 Shi Ji Zhong Guo Bao Gao Wen Xue Li Lun Pi Ping Shi@f丁晓原著@FDing Xiao Yuan Zhu |
| 210 | @a合肥@c安徽大学出版社@d1999.12 | |
| 215 | @a325页@d32开 | |
| 225 | @a中国文学多维研究丛书 | |
| 410 | @12001 @a中国文学多维研究丛书 | |
| 606 | 0 | @a报告文学@x文学批评史@y中国@z现代 |
| 690 | @aI207.5@v4 | |
| 701 | @a丁晓原@4著 | |
| 801 | @aCN@bTSTC@c20010521 | |
| 905 | @f5@b297157-161@dI207.5@e328 | |
| 20世纪中国报告文学理论批评史/丁晓原著.-合肥:安徽大学出版社,1999.12 |
| 325页;32开.-(中国文学多维研究丛书) |
| ISBN 7-81052-305-8:CNY17.00 |
| ● |
| 相关链接 |
|
|
|
|
正题名:20世纪中国报告文学理论批评史
索取号:I207.5/328
 
预约/预借
| 序号 | 登录号 | 条形码 | 馆藏地/架位号 | 状态 | 备注 |
| 1 | 0297157 | 202971579 | 第二借阅区/ [索取号:I207.5/328] | 在馆 | |
| 2 | 0297158 | 202971588 | 第二借阅区/ [索取号:I207.5/328] | 在馆 | |
| 3 | 0297159 | 202971597 | 第二借阅区/ [索取号:I207.5/328] | 在馆 | |
| 4 | 0297160 | 202971604 | 第二借阅区/ [索取号:I207.5/328] | 在馆 | |
| 5 | 0297161 | 202971613 | 第一样本阅览室/ [索取号:I207.5/328] | 在馆 |